| 000 | 00591nam a2200133Ia 4500 | ||
|---|---|---|---|
| 008 | 171212s9999 xx 000 0 und d | ||
| 020 | _a9780833026019 | ||
| 100 | _aHensler, Deborah R.;Dombey-Moore, Bonnie;Giddens, Elizabeth;Gross, Jennifer;Moller, Erik | ||
| 245 |
_cHensler, Deborah R.;Dombey-Moore, Bonnie;Giddens, Elizabeth;Gross, Jennifer;Moller, Erik _aClass Action Dilemmas _bPursuing Public Goals for Private Gain |
||
| 260 |
_bRAND Corporation _c2000 |
||
| 650 | _aClass actions (Civil procedure) -- United States | ||
| 650 | _aLaw | ||
| 856 | _uwww.jstor.org/stable/10.7249/mr969icj | ||
| 999 |
_c351869 _d351869 |
||